000 00972nam a2200241Ia 4500
001 15073
003 GE_BSU
008 181216s||||||||xx |||||||||||||| ||und||
020 _a9789941917424
040 _cGE_BSU
080 _a321.7(73)
100 _aტოკვილი,ალექსის დე
245 _aდემოკრატია ამერიკაში
245 _cფრანგ.თარგმ.დოდო ლაბუჩიძე-ხოფერია.სამეცნ.რედ.თენგიზ ირემაძე და სხვ.
260 _aთბილისი
260 _bგრ.რობაქიძის სახ.უნ-ტის გამ-ბა
260 _c2011
300 _a592გვ.29სმ.
300 _cსახელთა საძიებ.:გვ.585-586
300 _eშენიშვნ.გვ.551-584
653 _aდემოკრატია ამერიკაში
942 _cBK
999 _c48191
_d48191